MARC details
| 000 -LEADER |
| fixed length control field |
00934nam a2200277#a 4500 |
| 001 - CONTROL NUMBER |
| control field |
02274 |
| 003 - CONTROL NUMBER IDENTIFIER |
| control field |
HDC |
| 007 - PHYSICAL DESCRIPTION FIXED FIELD--GENERAL INFORMATION |
| fixed length control field |
ta |
| 008 - FIXED-LENGTH DATA ELEMENTS--GENERAL INFORMATION |
| fixed length control field |
230623s2013 xx 000 0 eng d |
| 020 ## - INTERNATIONAL STANDARD BOOK NUMBER |
| International Standard Book Number |
9789832786030 (pbk). |
| 040 ## - CATALOGING SOURCE |
| Original cataloging agency |
HDC |
| 050 ## - LIBRARY OF CONGRESS CALL NUMBER |
| Classification number |
HD30.2 |
| Item number |
.P47 2013 |
| 110 ## - MAIN ENTRY--CORPORATE NAME |
| Corporate name or jurisdiction name as entry element |
Perbadanan Produktiviti Malaysia. |
| 245 #0 - TITLE STATEMENT |
| Title |
Program pembangunan pengetahuan dalam sektor ekonomi utama di Malaysia (MyKe) / |
| Statement of responsibility, etc. |
Perbadanan Produktiviti Malaysia. |
| 264 ## - PRODUCTION, PUBLICATION, DISTRIBUTION, MANUFACTURE, AND COPYRIGHT NOTICE |
| Place of production, publication, distribution, manufacture |
Selangor : |
| Name of producer, publisher, distributor, manufacturer |
Perbadanan Produktiviti Malaysia, |
| Date of production, publication, distribution, manufacture, or copyright notice |
2013. |
| 300 ## - PHYSICAL DESCRIPTION |
| Extent |
vii,126p. : |
| Other physical details |
ill. ; |
| Dimensions |
24cm. |
| 650 ## - SUBJECT ADDED ENTRY--TOPICAL TERM |
| Topical term or geographic name entry element |
Knowledge management |
| Geographic subdivision |
Malaysia |
| General subdivision |
Economic aspects |
| Form subdivision |
Periodicals |
| 650 ## - SUBJECT ADDED ENTRY--TOPICAL TERM |
| Topical term or geographic name entry element |
Knowledge workers |
| Geographic subdivision |
Malaysia |
| Form subdivision |
Periodicals. |
| 650 ## - SUBJECT ADDED ENTRY--TOPICAL TERM |
| Topical term or geographic name entry element |
Malaysia |
| General subdivision |
Economic conditions |
| Chronological subdivision |
2000- |
| Form subdivision |
Periodicals. |
| 710 ## - ADDED ENTRY--CORPORATE NAME |
| Corporate name or jurisdiction name as entry element |
Malaysia. |
| Subordinate unit |
Jabatan Perdana Menteri. |
| 710 ## - ADDED ENTRY--CORPORATE NAME |
| Subordinate unit |
Unit Perancang Ekonomi |
| 942 ## - ADDED ENTRY ELEMENTS (KOHA) |
| Source of classification or shelving scheme |
Library of Congress Classification |
| 942 ## - ADDED ENTRY ELEMENTS (KOHA) |
| Koha item type |
Book |
| 942 ## - ADDED ENTRY ELEMENTS (KOHA) |
| Call number prefix |
HD30.2 |
| 942 ## - ADDED ENTRY ELEMENTS (KOHA) |
| Call number suffix |
.P47 2013 |